Normal view
MARC view
Entry Personal Name
001 - CONTROL NUMBER
- control field: 14928
003 - CONTROL NUMBER IDENTIFIER
- control field: BD-RjUL
005 - DATE AND TIME OF LATEST TRANSACTION
- control field: 20250209130406.0
008 - FIXED-LENGTH DATA ELEMENTS
- fixed length control field: 250209|| aca||aabn | a|a d
040 ## - CATALOGING SOURCE
- Original cataloging agency: BD-RjUL
- Transcribing agency: BD-RjUL
100 ## - HEADING--PERSONAL NAME
- Personal name: Āsī, Saʻīd
- General subdivision: Travel
- Geographic subdivision: China
670 ## - SOURCE DATA FOUND
- Source citation: Work cat.: (BD-RjUL)84652: Āsī, Saʻīd, 1954- 14927, سفر نامۂ چین ;; :safar nāmah cīn /, 1957